symbole wybranych pierwiastków - Statystyki

Ogólne statystyki
  • Ten quiz został rozwiązany 64 razy
  • Średni wynik to 20 z 23
Statystyki odpowiedzi
Hint Odpowiedź % Poprawnych
H wodór
100%
Cl chlor
96%
Mg magnez
96%
K potas
96%
S siarka
96%
O tlen
96%
Au zloto
96%
Ag srebro
94%
C węgiel
94%
Br brom
92%
P fosfor
92%
Li lit
92%
Fe żelazo
92%
N azot
88%
Ba bar
85%
F fluor
85%
Cu miedź
85%
Pb ołów
85%
Al glin
81%
Ca wapń
81%
Na sód
77%
I jod
73%
Sr stront
38%
Nie znaleziono quizów pasujących do podanych kryteriów
Rozkład punktacji
Procent ludzi z każdym wynikiem
Percentyl według liczby udzielonych odpowiedzi
Twoja historia wyników
Nie rozwiązałeś tego quizu